000 00611nam a2200217Ia 4500
003 GCL
008 140319s9999 xx 000 0 ara d
040 _aGCL /
_cGCL
082 0 4 _a371.3
_bم ت
100 1 _aيوسف الحمادى
245 1 0 _aالتدريس فى اللغة العربية /
_cيوسف الحمادى
260 _a[S.N] :
_bدار المريخ للنشر ،
_c1984
300 _a383 ص
490 _a
650 0 4 _aطرق التدريس
650 0 4 _aالتعليم
650 0 4 _aالنحو
650 0 4 _aاللغة العربية
650 0 4 _aالتدريس
942 _2ddc
_cBK
999 _c58984
_d58984